Kontrolné väzby pri audite účtovnej závierky zostavenej v súlade s IFRS diplomová práca

Salvato in:
Dettagli Bibliografici
Autore principale: Skopalová, Eliška
Ente Autore: Fakulta hospodárskej informatiky EU. Katedra účtovníctva a audítorstva
Altri autori: Krišková, Petra, 1981-
Natura: Libro
Lingua:slovacco
Pubblicazione: Bratislava 2012
Tags: Aggiungi Tag
Nessun Tag, puoi essere il primo ad aggiungerne!!

MARC

LEADER 00000nbm a2200000 4500
001 0154723
005 20161109102140.3
041 0 |a slo 
044 |a SK 
245 1 0 |a Kontrolné väzby pri audite účtovnej závierky zostavenej v súlade s IFRS  |b diplomová práca  |c Eliška Skopalová ; školiteľ: Petra Krišková 
264 1 |a Bratislava  |c 2012 
300 |a 69 s. 
100 1 |a Skopalová, Eliška 
700 1 |a Krišková, Petra, 1981- 
710 2 |a Fakulta hospodárskej informatiky EU. Katedra účtovníctva a audítorstva